000 00710nam a2200241 4500
001 14171
003 ES-MaACL
005 20250716062524.0
007 t|
008 000000s1980 sp ||||0| spa j
016 7 _z05547133
020 _a84-85708-07-5
040 _aIBH
_bspa
_cM-BN-DP
080 _a820-21"16"
100 1 _aShakespeare, William,
_d1564-1616
_9105992
245 1 0 _aMacbeth /
_cWilliam Shakespeare ; versión [del inglés] rítmica de A. García Calvo.
260 _aMadrid :
_bLucina,
_cD.L. 1980.
300 _a102 p. ;
_c19 cm.
700 1 _aGarcía Calvo, Agustín,
_d1926-2012
_9233841
852 _aES-MaACL
_jL-21433
_bR.126736
999 _c14171
_d14171